000
00336nam a22001577a 4500
003
SGT
020
_a
9789350355060
082
_a
347.90954,BAN
100
_a
BANSAL,A.K
245
_a
ARBITRATION AND ADR
250
_a
4TH
260
_a
NEW DELHI
_b
UNIVERSAL BOOKS
_c
128
300
_a
128
650
_a
ARBITRATION
942
_2
ddc
_c
BK
_0
21
999
_c
9702
_d
9702